| 000 | 00547nam a2200193Ia 4500 | ||
|---|---|---|---|
| 003 | GCL | ||
| 008 | 140319s9999 xx 000 0 ara d | ||
| 040 |
_aGCL / _cGCL |
||
| 082 | 0 | 4 |
_a620.103 _bع ا |
| 100 | 1 | _aعلاءالدين حمدى | |
| 245 | 1 | 0 |
_aالاستاتيكا وتطبيقاتها / _cعلاءالدين حمدى |
| 260 |
_a[S.N] : _bدار الراتب الجامعية |
||
| 300 | _a312 ص | ||
| 490 | _a | ||
| 650 | 0 | 4 | _aالهندسة |
| 650 | 0 | 4 | _aالرياضيات |
| 650 | 0 | 4 | _aالاستاتيكا |
| 942 |
_2ddc _cBK |
||
| 999 |
_c45361 _d45361 |
||